AI and Expertise Heuristic Search, Inference Enginees, Automatic Provin

Saved in:
Bibliographic Details
Main Author: Farreny, Henri
Format: Book
Language:English
Published: Chichester Ellis Horwood Lim. 1989
Edition:1. ed.
Tags: Add Tag
No Tags, Be the first to tag this record!

MARC

LEADER 00000nam a2200000 4500
001 c033246
005 20221215113308.3
041 0 |a eng 
044 |a GB 
245 1 0 |a AI and Expertise  |b Heuristic Search, Inference Enginees, Automatic Provin  |c Henri Farreny 
250 |a 1. ed. 
264 1 |a Chichester  |b Ellis Horwood Lim.  |c 1989 
300 |a 260 s. 
100 1 |a Farreny, Henri